000 00775nam a2200253Ia 4500
003 OSt
005 20220925215424.0
006 a|||||r|||| 00| 0
007 ta
008 220923b |||||||| |||| 00| 0 eng d
037 _cGeneral Book
040 _aRTL
_cRTL
_beng
041 _2eng
_aeng
082 _aX65291.3.N7, L3/GD
100 _aHarrison A J
_9248285
245 0 _aComparability of cost benefit and financial rates
260 _aLondon
_bHMSO UK
_c1973
300 _a17p. Bib p 17
_ccm.
490 _aGreat Britain, Government Economic Service, Occasional Papers 5
650 _aSecurity
700 _a Mackie P J
_9281275
942 _hX65291.3.N7, L3/GD
_cGB
_2CC
999 _c568759
_d568759